• 首页
  • 本馆介绍
  • 公告通知
  • 最新文献
  • 馆藏检索
  • 电子资源
  • 读者导购
  • 参考咨询
  • 我的图书馆
  • 登录
  • 详细信息显示
  • 放入我的书架
  • 预约/预借图书
  • 作者相关作品
  • 分类相关作品
  • 丛书相关作品
  • 出版社相关作品

书目信息

  • 表格格式
  • 工作单格式
  • 卡片格式
题名:
中国通背拳术
    
 
作者: 任刚 编著
分册:  
出版信息: 北京   北京体育大学出版社  2010
页数: 309页
开本: 21cm
丛书名:
单 册:
中图分类: G852.17
科图分类:
主题词: 通背拳--中国 , 通背拳
电子资源:
ISBN: 978-7-81051-047-9
000 00800nam0 2200253 45
001 1130724062
005 20110310094930.12
010    @a978-7-81051-047-9@dCNY20.00
100    @a20110121e2010 em y0chiy50 ea
101 0  @achi
102    @aCN@b110000
105    @aa z 000yy
106    @ar
200 1  @a中国通背拳术@AZhong Guo Tong Bei Quan Shu@f任刚编著@FRen Gang Bian Zhu
205    @a2版
210    @a北京@c北京体育大学出版社@d2010
215    @a309页@c图@d21cm
330    @a本书内容包括通背拳拳理概论、通背拳基本功及训练法、通背拳实用二十四式连环手、白猿如意通背拳、通背拳迎敌实战篇等。
606 0  @a通背拳@y中国
606 0  @a通背拳
690    @aG852.17@v4
701  0 @a任刚@ARen Gang@c(通背拳教练)@4编著
801  0 @aCN@bTANGWEI@c20110310
905    @b0531729-32@dG852.17@e198=2@f4
    
    中国通背拳术/任刚编著.-2版.-北京:北京体育大学出版社,2010
    309页:图;21cm
    
    
    ISBN 978-7-81051-047-9:CNY20.00
    本书内容包括通背拳拳理概论、通背拳基本功及训练法、通背拳实用二十四式连环手、白猿如意通背拳、通背拳迎敌实战篇等。
●
相关链接 在E读中查询图书 在五车中查询图书 在当当中查询图书 在豆瓣中查询图书


正题名:中国通背拳术     索取号:G852.17/198=2         预约/预借

序号 登录号 条形码 馆藏地/架位号 状态 备注
1 0531729   205317290   第一样本阅览室/ [索取号:G852.17/198=2] 在馆    
2 0531730   205317307   第四借阅区/ [索取号:G852.17/198=2] 在馆    
3 0531731   205317316   密集书库-体育系/ [索取号:G852.17/198=2] 在馆    
4 0531732   205317325   第四借阅区/ [索取号:G852.17/198=2] 在馆    
唐山师范学院图书馆 欢迎您!
大连网信软件有限公司© 版权所有